[Event "163 Stay Safe Play From Home"]
[Site "T#646248Emanuel Laske"]
[Date "2020.05.22"]
[Round "4"]
[White "Trotsky"]
[Black "Weltszmerc"]
[Result "0-1"]
[WhiteElo "1578"]
[BlackElo "1968"]
[Annotator "TA"]
[PlyCount "64"]
[EventDate "2020.05.22"]
[EventType "swiss (blitz)"]

{[%evp 9,64,14,14,11,7,10,14,18,8,-80,-27,-48,-61,-63,3,-13,96,-18,27,0,-17,0,0,-66,-78,-92,-102,-105,-73,-81,-46,-99,126,104,131,0,147,22,21,-40,53,30,65,45,54,-93,-13,-116,752,-191,518,-625,-601,-585,-187,-181,-108]} 1. d3 Nf6 2. d4 d5 3. e3 {[#]} c6 $146 ({Predecessor:} 3... e6 4. Nf3 Bd6 5. c4 c6 6. Nc3 Nbd7 7. Bd3 O-O 8. O-O e5 9. cxd5 cxd5 10. Nb5 {1-0 (54) McGettigan,A-Hastings,J (2225) Cambridge 1995}) 4. c4 Bg4 5. f3 Bh5 6. Nc3 {A00: Irregular Openings.} e6 7. g4 Bg6 8. h4 {Black must now prevent h5.The position is equal.} h6 9. c5 (9. Nge2 $11) 9... e5 (9... b6 $17) 10. Bd3 Bxd3 $1 11. Qxd3 exd4 (11... Be7 $15) 12. exd4 $11 Qc7 (12... b6 $11) 13. Rh3 ({White should play} 13. Nge2 $16) 13... Be7 14. Be3 Nbd7 15. O-O-O b6 {[%cal Rb6c5]} 16. Kb1 (16. Na4 $11) 16... bxc5 $15 17. Rh1 c4 18. Qc2 a5 19. Nh3 a4 20. g5 (20. Nxa4 $15 Kd8 21. Nc3) 20... hxg5 $2 (20... Nh5 $17 {keeps the pressure on.} 21. a3 Rb8) 21. hxg5 $16 Ng8 22. Bf4 (22. g6 $1 $16 {[%cal Rg6f7]} Qd6 23. gxf7+ Kxf7 24. Nxa4 (24. Qf5+ Ke8 $11)) 22... Qa5 {[#]} (22... Qb7 $11 {remains equal.}) 23. Bd2 (23. g6 $1 $16 {[%cal Rg6f7]} f6 24. Bd2) 23... a3 {aiming for ...Qb6.} 24. b3 (24. g6 $1 $11 Nh6 25. Rde1) 24... cxb3 ({Black should try} 24... Qb6 $15 25. g6 fxg6) 25. axb3 $14 a2+ 26. Nxa2 Qb6 27. Qb2 (27. g6 $1 $14 {stays ahead.}) 27... Rb8 (27... c5 $17 {...Qe6 is the strong threat.} 28. Nf4 Rxh1 29. Rxh1 Bxg5 30. Nxd5 Qg6+ 31. Ka1 Qd6 32. Nc7+ (32. Bxg5 Qxd5 {[%mdl 64] Double Attack} 33. Be3 c4 $17) 32... Qxc7 33. Bxg5 Kf8) 28. Bc3 (28. Nc1 $1 $11) 28... Bb4 $2 {[%mdl 8192]} (28... Qxb3 $17 29. Qxb3 Rxb3+ 30. Kc2 Rb8) 29. Rd2 $4 {[%mdl 8192]} (29. Bxb4 $18 {and life is good for White.} Kd8 30. Nf4 Rxh1 31. Rxh1) 29... Ne7 $4 {[%mdl 8192]} (29... Bxc3 $19 30. Qxc3 Qxb3+ 31. Rb2 Qxb2+ 32. Qxb2 Rxb2+ 33. Kxb2 Ne7) 30. Rc1 $4 {[%mdl 8192]} (30. Bxb4 $18 Nf5 31. Re1+ Kd8 32. Nf4) 30... Bxc3 $19 ({Less strong is} 30... Rxh3 31. Bxb4 Nf8 32. Bd6 $15) 31. Rxc3 Nf5 $2 (31... Rxh3 32. Nc1 Nf5) 32. Nf4 Rh1+ {Accuracy: White = 31%, Black = 28%.} ({Resist} 32... Nxd4 {[#]} 33. Nxd5 $1 {[%mdl 512]} Rh1+ 34. Rc1 $17) (32... Rh4 $19 33. Ne2 Kf8) 0-1

[Event "163 Stay Safe Play From Home"]
[Site "T#646248Emanuel Laske"]
[Date "2020.05.22"]
[Round "7"]
[White "Hoffentlichreichts"]
[Black "Fischer_11"]
[Result "1-0"]
[WhiteElo "2397"]
[BlackElo "2070"]
[Annotator "NA RC"]
[PlyCount "95"]
[EventDate "2020.05.22"]
[EventType "swiss (blitz)"]

1. g3 {[%emt 0:00:01]} Nf6 {[%emt 0:00:01]} 2. Nf3 {[%emt 0:00:00]} g6 {[%emt 0:00:00]} 3. Bg2 {[%emt 0:00:00]} Bg7 {[%emt 0:00:00]} 4. O-O {[%emt 0:00:00]} O-O {[%emt 0:00:00]} 5. d3 {[%emt 0:00:00]} e5 {[%emt 0:00:01]} 6. Nbd2 {[%emt 0:00:00]} e4 {[%emt 0:00:00]} 7. Nxe4 {[%emt 0:00:01]} Re8 {[%emt 0:00:00]} 8. Nxf6+ {[%emt 0:00:02]} Bxf6 {[%emt 0:00:00]} 9. c3 {[%emt 0:00:00]} Bg7 {[%emt 0:00:00]} 10. e4 {[%emt 0:00:01]} c5 {[%emt 0:00:00]} 11. Be3 {[%emt 0:00:01]} d5 {[%emt 0:00:00]} 12. Bxc5 {[%emt 0:00:02]} dxe4 {[%emt 0:00:01]} 13. dxe4 {[%emt 0:00:00]} Qc7 {[%emt 0:00:04]} 14. Bd4 {[%emt 0:00:01]} Rxe4 {[%emt 0:00:03]} 15. Bxg7 {[%emt 0:00:04]} Kxg7 {[%emt 0:00:00]} 16. Ng5 {[%emt 0:00:01]} Re8 {[%emt 0:00:04]} 17. Qd4+ {[%emt 0:00:01]} Qe5 {[%emt 0:00:03]} 18. Rfe1 {[%emt 0:00:02]} Qxd4 {[%emt 0:00:02]} 19. cxd4 {[%emt 0:00:00]} Rxe1+ {[%emt 0:00:02]} 20. Rxe1 {[%emt 0:00:00]} Nc6 {[%emt 0:00:03]} 21. Bxc6 {[%emt 0:00:01]} bxc6 {[%emt 0:00:00]} 22. Re8 {[%emt 0:00:01]} Bb7 {[%emt 0:00:01]} 23. Rxa8 {[%emt 0:00:02]} Bxa8 {[%emt 0:00:00]} 24. Ne4 {[%emt 0:00:01]} f5 {[%emt 0:00:04]} 25. Nc5 {[%emt 0:00:01]} Kf6 {[%emt 0:00:02]} 26. Kf1 {[%emt 0:00:00]} Ke7 {[%emt 0:00:01]} 27. Ke2 {[%emt 0:00:01]} Kd6 {[%emt 0:00:00]} 28. Kd3 {[%emt 0:00:01]} Kd5 {[%emt 0:00:01]} 29. f4 {[%emt 0:00:00]} h6 {[%emt 0:00:02]} 30. h4 {[%emt 0:00:01]} a5 {[%emt 0:00:02]} 31. b3 {[%emt 0:00:01]} Kd6 {[%emt 0:00:05]} 32. a3 {[%emt 0:00:00]} Kd5 {[%emt 0:00:01]} 33. b4 {[%emt 0:00:00]} axb4 {[%emt 0:00:00]} 34. axb4 {[%emt 0:00:00]} Kd6 {[%emt 0:00:01]} 35. Kc3 {[%emt 0:00:00]} Kd5 {[%emt 0:00:01]} 36. Kd3 {[%emt 0:00:00]} Kd6 {[%emt 0:00:01]} 37. Kc4 {[%emt 0:00:00]} Kc7 {[%emt 0:00:02]} 38. Nd3 {[%emt 0:00:01]} Bb7 {[%emt 0:00:02]} 39. Ne5 {[%emt 0:00:01]} Ba6+ {[%emt 0:00:03]} 40. Kc5 {[%emt 0:00:01]} g5 {[%emt 0:00:03]} 41. fxg5 {[%emt 0:00:00]} hxg5 {[%emt 0:00:00]} 42. hxg5 {[%emt 0:00:00]} Bb5 {[%emt 0:00:01]} 43. g6 {[%emt 0:00:01]} Kd8 {[%emt 0:00:02]} 44. g7 {[%emt 0:00:01]} Ke7 {[%emt 0:00:00]} 45. g8=Q {[%emt 0:00:01]} Kf6 {[%emt 0:00:00]} 46. Qg6+ {[%emt 0:00:02]} Ke7 {[%emt 0:00:01]} 47. Qf7+ {[%emt 0:00:00]} Kd8 {[%emt 0:00:01]} 48. Qd7# {[%emt 0:00:00] (Lag: Av=0.45s, max=1.0s)} 1-0

[Event "163 Stay Safe Play From Home"]
[Site "T#646248Emanuel Laske"]
[Date "2020.05.22"]
[Round "7"]
[White "Mepe_Nika"]
[Black "Victory_gm"]
[Result "1-0"]
[WhiteElo "2333"]
[BlackElo "2034"]
[Annotator "TA"]
[PlyCount "47"]
[EventDate "2020.05.22"]
[EventType "swiss (blitz)"]

{[%evp 16,47,38,29,67,0,10,0,8,0,0,0,117,22,115,0,0,0,70,-133,0,-16,-17,-70,0,-668,-314,-640,2,3,400,370,457,452]} 1. e4 d6 2. d4 Nf6 3. Nc3 c6 4. f4 Qa5 5. Bd3 e5 6. Nf3 Bg4 7. fxe5 dxe5 8. dxe5 Nfd7 9. Bf4 Bc5 {[#] B07: Pirc Defence: Miscellaneous Systems.} 10. Qe2 $146 (10. h3 $14 Bxf3 11. gxf3 (11. Qxf3 Ba3 $14)) ({Predecessor:} 10. Qd2 Bxf3 11. gxf3 Bd4 12. e6 fxe6 13. Bd6 Ne5 14. Ke2 Ng6 15. e5 Bxe5 16. b4 Bxc3 17. Qxc3 {0-1 (31) Vargyas,Z (2255)-Toth,G (2450) Veszprem 1995}) 10... O-O $11 11. O-O-O b5 {The position is equal.} 12. h3 Be6 13. Ng5 b4 (13... Bxa2 $11 14. Nxa2 (14. Qh5 h6 $11) 14... Qxa2) 14. Nb1 (14. Qh5 $16 {[%csl Gg5][%cal Rh5h7]} h6 15. Nxe6 fxe6 16. Bxh6 Nxe5 17. Bxg7 {[%mdl 64] Decoy} Kxg7 18. Qxe5+ {[%mdl 64] Double Attack} Rf6 19. Nd5 {[%mdl 64] Pin}) 14... Bxa2 (14... Qxa2 $11 {remains equal.} 15. Nxe6 (15. Qh5 h6 $11) 15... Qxe6) 15. Qh5 $40 {[%mdl 128] White is up to no good.} (15. b3 $1 $16 {Qh5 is the strong threat.} h6 16. Nxf7 $1 {[%mdl 512]} (16. Nf3 Nb6 $14) 16... Kxf7 17. Bc4+ Kg6 18. e6 Rxf4 19. e5) 15... h6 16. Nf3 {next b3 is good for White.} b3 (16... Be6 $11) 17. c4 $2 {[#]} (17. Bxh6 $1 $14 bxc2 18. Kxc2 gxh6 19. Qxh6) 17... Bxb1 (17... Re8 $1 $17 {Threatens to win with ...Na6.} 18. Qg4 Re6) 18. Bxb1 Qb4 19. Bd3 ({White should play} 19. Rd3 $11 Bf2 20. Kd1) 19... Qa4 ({Better is} 19... Re8 $1 $15 20. Qf5 Qa5) 20. Bd2 $2 {[%mdl 8192]} (20. Bxh6 $11 gxh6 21. Qxh6) 20... Qa1+ $19 21. Bb1 Ba3 $2 (21... Nb6 $19 22. Bc3 Be3+ 23. Rd2 Nxc4 {[%mdl 64] Pin}) 22. Bc3 $11 {Hoping for Nd4.} Na6 $2 {[%mdl 8192]} (22... Nc5 $11 23. e6 Nxe6) 23. Rxd7 $18 {Strongly threatening e6.} Nb4 24. Kd2 {Accuracy: White = 51%, Black = 43%.} 1-0

[Event "163 Stay Safe Play From Home"]
[Site "T#646248Emanuel Laske"]
[Date "2020.05.22"]
[Round "7"]
[White "Lamborghini"]
[Black "Ionutn28"]
[Result "1-0"]
[WhiteElo "2179"]
[BlackElo "1794"]
[Annotator "NA RC"]
[PlyCount "39"]
[EventDate "2020.05.22"]
[EventType "swiss (blitz)"]

1. e4 {[%emt 0:00:02]} c5 {[%emt 0:00:01]} 2. Nf3 {[%emt 0:00:01]} d6 {[%emt 0:00:01]} 3. d4 {[%emt 0:00:01]} Nf6 {[%emt 0:00:02]} 4. Nc3 {[%emt 0:00:01]} cxd4 {[%emt 0:00:00]} 5. Nxd4 {[%emt 0:00:00]} a6 {[%emt 0:00:00]} 6. Bg5 {[%emt 0:00:01]} e5 {[%emt 0:00:02]} 7. Bxf6 {[%emt 0:00:01]} Qxf6 {[%emt 0:00:01]} 8. Nd5 {[%emt 0:00:01]} Qd8 {[%emt 0:00:02]} 9. Ne2 {[%emt 0:00:01]} Nc6 {[%emt 0:00:01]} 10. Nec3 {[%emt 0:00:01]} Be6 {[%emt 0:00:01]} 11. Bc4 {[%emt 0:00:01]} Be7 {[%emt 0:00:01]} 12. Bb3 {[%emt 0:00:01]} O-O {[%emt 0:00:01]} 13. O-O {[%emt 0:00:01]} Nd4 {[%emt 0:00:01]} 14. Qd3 {[%emt 0:00:01]} Bxd5 {[%emt 0:00:01]} 15. Nxd5 {[%emt 0:00:01]} Rc8 {[%emt 0:00:01]} 16. c3 {[%emt 0:00:01]} Nxb3 {[%emt 0:00:01]} 17. axb3 {[%emt 0:00:00]} Rc5 {[%emt 0:00:06]} 18. b4 {[%emt 0:00:01]} Rc4 {[%emt 0:00:02]} 19. Rad1 {[%emt 0:00:01]} a5 {[%emt 0:00:03]} 20. Qxc4 {[%emt 0:00:01] Ionutn28 resigns (Lag: Av=0.48s, max=0.6s)} 1-0

[Event "163 Stay Safe Play From Home"]
[Site "T#646248Emanuel Laske"]
[Date "2020.05.22"]
[Round "7"]
[White "Lazieri3"]
[Black "SoulofWolf"]
[Result "0-1"]
[WhiteElo "2114"]
[BlackElo "2154"]
[Annotator "RC"]
[PlyCount "70"]
[EventDate "2020.05.22"]
[EventType "swiss (blitz)"]

1. e4 {[%emt 0:00:01]} c5 {[%emt 0:00:00]} 2. Nc3 {[%emt 0:00:00]} e6 {[%emt 0:00:00]} 3. d3 {[%emt 0:00:00]} Nc6 {[%emt 0:00:01]} 4. Nf3 {[%emt 0:00:01]} Be7 {[%emt 0:00:00]} 5. Bg5 {[%emt 0:00:00]} Bxg5 {[%emt 0:00:01]} 6. d4 {[%emt 0:00:01]} cxd4 {[%emt 0:00:02]} 7. Nxd4 {[%emt 0:00:00]} Nxd4 {[%emt 0:00:01]} 8. Qxd4 {[%emt 0:00:00]} Bf6 {[%emt 0:00:02]} 9. Qd3 {[%emt 0:00:02]} a6 {[%emt 0:00:01]} 10. g3 {[%emt 0:00:01]} Ne7 {[%emt 0:00:01]} 11. Bg2 {[%emt 0:00:01]} Nc6 {[%emt 0:00:00]} 12. O-O {[%emt 0:00:01]} O-O {[%emt 0:00:00]} 13. Qe2 {[%emt 0:00:01]} e5 {[%emt 0:00:01]} 14. Nd5 {[%emt 0:00:02]} Nd4 {[%emt 0:00:02]} 15. Qd2 {[%emt 0:00:04]} d6 {[%emt 0:00:01]} 16. c3 {[%emt 0:00:01]} Nc6 {[%emt 0:00:01]} 17. f4 {[%emt 0:00:03]} Be6 {[%emt 0:00:00]} 18. fxe5 {[%emt 0:00:02]} Bxe5 {[%emt 0:00:02]} 19. Rad1 {[%emt 0:00:04]} f5 {[%emt 0:00:05]} 20. exf5 {[%emt 0:00:03]} Bxf5 {[%emt 0:00:00]} 21. a4 {[%emt 0:00:08]} Be6 {[%emt 0:00:06]} 22. Rxf8+ {[%emt 0:00:04]} Qxf8 {[%emt 0:00:00]} 23. Nc7 {[%emt 0:00:02]} Qc8 {[%emt 0:00:05]} 24. Nxa8 {[%emt 0:00:01]} Qxa8 {[%emt 0:00:01]} 25. Rf1 {[%emt 0:00:03]} Qa7+ {[%emt 0:00:04]} 26. Kh1 {[%emt 0:00:02]} h6 {[%emt 0:00:01]} 27. Qd3 {[%emt 0:00:02]} Qb8 {[%emt 0:00:06]} 28. Qg6 {[%emt 0:00:01]} Qc8 {[%emt 0:00:03]} 29. Be4 {[%emt 0:00:05]} Bf6 {[%emt 0:00:06]} 30. Qh7+ {[%emt 0:00:01]} Kf7 {[%emt 0:00:00]} 31. Bg6+ {[%emt 0:00:02]} Ke7 {[%emt 0:00:00]} 32. Rxf6 {[%emt 0:00:01]} Kd7 {[%emt 0:00:01]} 33. Be4 {[%emt 0:00:01]} Ne7 {[%emt 0:00:00]} 34. Rf7 {[%emt 0:00:01]} Qd8 {[%emt 0:00:00]} 35. Rxe7+ {[%emt 0:00:00]} Qxe7 {[%emt 0:00:00] Time (Lag: Av=0.47s, max=0.7s)} 0-1

[Event "163 Stay Safe Play From Home"]
[Site "T#646248Emanuel Laske"]
[Date "2020.05.22"]
[Round "7"]
[White "Don59as"]
[Black "Aktürk"]
[Result "1-0"]
[WhiteElo "1973"]
[BlackElo "1458"]
[Annotator "NA RC"]
[PlyCount "95"]
[EventDate "2020.05.22"]
[EventType "swiss (blitz)"]

1. c4 {[%emt 0:00:02]} e6 {[%emt 0:00:00]} 2. Nc3 {[%emt 0:00:00]} Qf6 {[%emt 0:00:00]} 3. e4 {[%emt 0:00:01]} Bc5 {[%emt 0:00:01]} 4. Nf3 {[%emt 0:00:01]} Ne7 {[%emt 0:00:02]} 5. d4 {[%emt 0:00:01]} Bb4 {[%emt 0:00:02]} 6. Bd2 {[%emt 0:00:03]} Bxc3 {[%emt 0:00:00]} 7. Bxc3 {[%emt 0:00:01]} Qg6 {[%emt 0:00:00]} 8. Ne5 {[%emt 0:00:03]} Qxe4+ {[%emt 0:00:02]} 9. Qe2 {[%emt 0:00:01]} Qxe2+ {[%emt 0:00:01]} 10. Bxe2 {[%emt 0:00:00]} d6 {[%emt 0:00:01]} 11. Nf3 {[%emt 0:00:01]} Nbc6 {[%emt 0:00:01]} 12. O-O-O {[%emt 0:00:00]} Nf5 {[%emt 0:00:02]} 13. d5 {[%emt 0:00:01]} exd5 {[%emt 0:00:02]} 14. cxd5 {[%emt 0:00:00]} Nce7 {[%emt 0:00:02]} 15. g4 {[%emt 0:00:03]} Nh6 {[%emt 0:00:02]} 16. Bxg7 {[%emt 0:00:02]} Rg8 {[%emt 0:00:03]} 17. Bxh6 {[%emt 0:00:01]} Rxg4 {[%emt 0:00:01]} 18. Rhg1 {[%emt 0:00:01]} Ra4 {[%emt 0:00:01]} 19. a3 {[%emt 0:00:02]} Kd7 {[%emt 0:00:01]} 20. Bb5+ {[%emt 0:00:01]} c6 {[%emt 0:00:03]} 21. dxc6+ {[%emt 0:00:01]} bxc6 {[%emt 0:00:01]} 22. Bxa4 {[%emt 0:00:01]} Rb8 {[%emt 0:00:02]} 23. Ne5+ {[%emt 0:00:01]} Kc7 {[%emt 0:00:03]} 24. Nxf7 {[%emt 0:00:01]} Nd5 {[%emt 0:00:01]} 25. Rxd5 {[%emt 0:00:03]} cxd5 {[%emt 0:00:01]} 26. Bf4 {[%emt 0:00:00]} Bf5 {[%emt 0:00:02]} 27. Bxd6+ {[%emt 0:00:01]} Kb6 {[%emt 0:00:02]} 28. Rg3 {[%emt 0:00:01]} Ka5 {[%emt 0:00:01]} 29. Bc2 {[%emt 0:00:02]} Rc8 {[%emt 0:00:00]} 30. Rc3 {[%emt 0:00:01]} Rxc3 {[%emt 0:00:02]} 31. bxc3 {[%emt 0:00:00]} Bxc2 {[%emt 0:00:01]} 32. Bb4+ {[%emt 0:00:01]} Ka4 {[%emt 0:00:00]} 33. Kxc2 {[%emt 0:00:00]} Kb5 {[%emt 0:00:01]} 34. Ne5 {[%emt 0:00:01]} Kb6 {[%emt 0:00:03]} 35. Kd3 {[%emt 0:00:00]} Kc7 {[%emt 0:00:01]} 36. Kd4 {[%emt 0:00:00]} a6 {[%emt 0:00:01]} 37. Kxd5 {[%emt 0:00:00]} a5 {[%emt 0:00:00]} 38. f4 {[%emt 0:00:00]} h6 {[%emt 0:00:01]} 39. Bxa5+ {[%emt 0:00:01]} Kb7 {[%emt 0:00:04]} 40. Bb4 {[%emt 0:00:00]} Ka6 {[%emt 0:00:03]} 41. f5 {[%emt 0:00:00]} h5 {[%emt 0:00:01]} 42. f6 {[%emt 0:00:00]} h4 {[%emt 0:00:00]} 43. f7 {[%emt 0:00:00]} h3 {[%emt 0:00:00]} 44. f8=Q {[%emt 0:00:02]} Kb5 {[%emt 0:00:00]} 45. Qc5+ {[%emt 0:00:01]} Ka4 {[%emt 0:00:00]} 46. Qa5+ {[%emt 0:00:01]} Kb3 {[%emt 0:00:00]} 47. c4 {[%emt 0:00:01]} Kb2 {[%emt 0:00:00]} 48. c5 {[%emt 0:00:00] Zaman (Lag: Av=0.53s, max=1.1s)} 1-0

[Event "163 Stay Safe Play From Home"]
[Site "T#646248Emanuel Laske"]
[Date "2020.05.22"]
[Round "7"]
[White "SecantFX"]
[Black "Weltszmerc"]
[Result "0-1"]
[WhiteElo "1918"]
[BlackElo "1950"]
[Annotator "TA"]
[PlyCount "106"]
[EventDate "2020.05.22"]
[EventType "swiss (blitz)"]

{[%evp 9,106,-23,-33,-36,-27,-106,-107,-147,-154,-147,-147,-152,-87,-131,-133,-141,-96,-109,-86,-132,-128,-135,-86,-85,-77,-84,-72,-109,-97,-120,-91,-102,-82,-83,-56,-84,-67,-61,-5,-72,-61,-89,-85,-90,-61,-97,-79,-142,-108,-158,-148,-152,-158,-167,-161,-166,-164,-161,-168,-186,-133,-175,-141,-210,-173,-208,-165,-208,-208,-208,-183,-179,-54,-29942,-29942,-29937,-12851,-7129,-6548,-29990,-29991,-29992,-29988,-29988,-29986,-29986,-29987,-29986,-29987,-29991,-29989,-29990,-29989,-29991,-29986,-29992,-29993,-29993,-1398]} 1. g3 Nf6 2. Bg2 d5 3. f4 c6 4. Nf3 Bg4 5. e3 Nbd7 {[%cal Bb8d7,Bd7e5,Be5f3][%mdl 32] [#]} 6. O-O $146 {[#] A03: Bird's Opening with 1...d5.} ({Predecessor:} 6. h3 Bxf3 7. Qxf3 e5 8. Nc3 Bd6 9. d4 exd4 10. exd4 O-O 11. O-O Re8 12. a3 b5 13. Be3 a5 14. Rae1 Nb6 15. Bc1 Nc4 16. a4 b4 17. Nd1 Qb6 18. Qd3 Bf8 19. b3 {½-½ (19) Moser,G (2357)-Karner,C (2343) Austria 2002}) 6... e5 $1 {[%mdl 512] And now ...e4 would win.} 7. fxe5 {[#]} (7. h3 $11 {remains equal.} Bxf3 8. Qxf3) (7. Nxe5 Bxd1) 7... Nxe5 $1 $17 {[%mdl 576] Pin} 8. Qe1 {Black is better.} (8. Nxe5 Bxd1) 8... Nxf3+ 9. Bxf3 Bxf3 10. Rxf3 Bd6 (10... h5 $142 11. b3 h4 $1 {[%mdl 512]} 12. gxh4 Nd7) 11. b3 Be5 12. c3 O-O 13. Bb2 Qe7 14. d4 Bd6 15. Nd2 Ne4 16. Nxe4 Qxe4 17. Qf2 Rae8 18. Re1 f5 {Hoping for ...f4!} 19. Qg2 g6 20. Rff1 Qxg2+ (20... Qd3 {with more complications.} 21. Qe2 Qxe2 22. Rxe2 Re4 23. Rf3 h5) 21. Kxg2 Re7 22. Bc1 Rfe8 23. Kf3 c5 (23... h5 $15) 24. Bd2 (24. Ba3 $11) 24... Kf7 25. h4 Re4 $36 {[%mdl 2048] Keeping White busy.} 26. Re2 b6 27. Rfe1 Kf6 (27... Rg4 {seems wilder.} 28. Rg2 Rc8 29. Rb1 c4 30. a4 Ke6) 28. c4 (28. dxc5 $142 Bxc5 29. Bc1) 28... dxc4 29. bxc4 cxd4 30. exd4 Rxe2 {[%mdl 64] Overworked Piece} 31. Rxe2 Rxe2 32. Kxe2 Bxg3 {[%mdl 4096] Endgame KB-KB} 33. Bg5+ Ke6 34. Kf3 {[#]} Be1 (34... h6 $1 $19 {[%mdl 512]} 35. Bxh6 Bxh4) 35. d5+ Kd7 36. Ke3 (36. a4 $17) 36... Bc3 37. Kd3 Bg7 38. a4 Be5 39. Kc2 Kd6 40. Kb3 f4 (40... a6 $19 {...b5! is the strong threat.} 41. Be3 Bg3 42. Bxb6 Bxh4) 41. Kb4 $2 {[%mdl 8192] Now White is beyond hope.} (41. Kc2 $15) 41... f3 42. Be3 Bg3 43. h5 f2 44. hxg6 f1=Q {Black mates.} 45. gxh7 Qb1+ 46. Kc3 Be1+ 47. Kd4 Qxh7 48. Bf4+ Kd7 49. Be5 Qh4+ 50. Ke3 Qg5+ 51. Kd4 Qg4+ 52. Kd3 Qf5+ 53. Kd4 Bf2+ {Accuracy: White = 40%, Black = 65%.} (53... Qf3 $142 54. c5 Bc3+ 55. Kc4 Bxe5 56. a5 bxc5 57. Kb5 Qb3+ 58. Kxc5 a6 59. d6 Qb5#) 0-1

[Event "163 Stay Safe Play From Home"]
[Site "T#646248Emanuel Laske"]
[Date "2020.05.22"]
[Round "7"]
[White "Frido-BBB"]
[Black "Trotsky"]
[Result "0-1"]
[WhiteElo "1641"]
[BlackElo "1571"]
[Annotator "NA RC"]
[PlyCount "42"]
[EventDate "2020.05.22"]
[EventType "swiss (blitz)"]

1. e4 {[%emt 0:00:01]} c5 {[%emt 0:00:01]} 2. d4 {[%emt 0:00:01]} e6 {[%emt 0:00:00]} 3. c3 {[%emt 0:00:00]} d5 {[%emt 0:00:01]} 4. Be3 {[%emt 0:00:01]} c4 {[%emt 0:00:01]} 5. exd5 {[%emt 0:00:01]} exd5 {[%emt 0:00:01]} 6. Nf3 {[%emt 0:00:00]} Be6 {[%emt 0:00:01]} 7. Be2 {[%emt 0:00:01]} Nc6 {[%emt 0:00:01]} 8. O-O {[%emt 0:00:01]} Bd6 {[%emt 0:00:01]} 9. h3 {[%emt 0:00:01]} Qc7 {[%emt 0:00:00]} 10. Nbd2 {[%emt 0:00:03]} O-O-O {[%emt 0:00:01]} 11. b3 {[%emt 0:00:02]} h5 {[%emt 0:00:01]} 12. bxc4 {[%emt 0:00:01]} Nf6 {[%emt 0:00:01]} 13. cxd5 {[%emt 0:00:01]} Bxd5 {[%emt 0:00:01]} 14. Nb3 {[%emt 0:00:01]} Ng4 {[%emt 0:00:03]} 15. hxg4 {[%emt 0:00:04]} h4 {[%emt 0:00:02]} 16. g3 {[%emt 0:00:01]} hxg3 {[%emt 0:00:01]} 17. fxg3 {[%emt 0:00:01]} Bxg3 {[%emt 0:00:01]} 18. Nc5 {[%emt 0:00:03]} Bh2+ {[%emt 0:00:02]} 19. Kg2 {[%emt 0:00:01]} Qg3+ {[%emt 0:00:01]} 20. Kh1 {[%emt 0:00:01]} Bg1+ {[%emt 0:00:01]} 21. Bh6 {[%emt 0:00:17]} Rxh6# {[%emt 0:00:02] (Lag: Av=0.43s, max=0.9s)} 0-1

[Event "163 Stay Safe Play From Home"]
[Site "T#646248Emanuel Laske"]
[Date "2020.05.22"]
[Round "8"]
[White "SoulofWolf"]
[Black "Haxhi Baha"]
[Result "0-1"]
[WhiteElo "2169"]
[BlackElo "1889"]
[Annotator "RC"]
[PlyCount "64"]
[EventDate "2020.05.22"]
[EventType "swiss (blitz)"]

1. Nf3 {[%emt 0:00:00]} e6 {[%emt 0:00:01]} 2. c4 {[%emt 0:00:00]} d5 {[%emt 0:00:00]} 3. e3 {[%emt 0:00:00]} c6 {[%emt 0:00:01]} 4. b3 {[%emt 0:00:00]} dxc4 {[%emt 0:00:01]} 5. Bxc4 {[%emt 0:00:02]} Nf6 {[%emt 0:00:01]} 6. a4 {[%emt 0:00:01]} a6 {[%emt 0:00:01]} 7. O-O {[%emt 0:00:00]} Nbd7 {[%emt 0:00:01]} 8. Bb2 {[%emt 0:00:01]} Bd6 {[%emt 0:00:02]} 9. d4 {[%emt 0:00:02]} Qe7 {[%emt 0:00:01]} 10. Nc3 {[%emt 0:00:01]} O-O {[%emt 0:00:01]} 11. e4 {[%emt 0:00:01]} e5 {[%emt 0:00:00]} 12. Re1 {[%emt 0:00:05]} b6 {[%emt 0:00:02]} 13. Nh4 {[%emt 0:00:01]} g6 {[%emt 0:00:03]} 14. Nf3 {[%emt 0:00:00]} Bb7 {[%emt 0:00:01]} 15. d5 {[%emt 0:00:03]} c5 {[%emt 0:00:02]} 16. Bc1 {[%emt 0:00:00]} Rfc8 {[%emt 0:00:04]} 17. Bg5 {[%emt 0:00:01]} Kg7 {[%emt 0:00:03]} 18. Qe2 {[%emt 0:00:00]} h6 {[%emt 0:00:02]} 19. Bd2 {[%emt 0:00:02]} Rab8 {[%emt 0:00:04]} 20. g3 {[%emt 0:00:01]} Nh5 {[%emt 0:00:02]} 21. Nh4 {[%emt 0:00:02]} Qf6 {[%emt 0:00:04]} 22. Rf1 {[%emt 0:00:02]} Nf4 {[%emt 0:00:01]} 23. gxf4 {[%emt 0:00:05]} Qxh4 {[%emt 0:00:01]} 24. Qf3 {[%emt 0:00:06]} exf4 {[%emt 0:00:01]} 25. Kh1 {[%emt 0:00:01]} Ne5 {[%emt 0:00:01]} 26. Qg2 {[%emt 0:00:02]} f3 {[%emt 0:00:04]} 27. Qg1 {[%emt 0:00:00]} Ng4 {[%emt 0:00:03]} 28. e5 {[%emt 0:00:02]} Bxe5 {[%emt 0:00:01]} 29. Bg5 {[%emt 0:00:09]} hxg5 {[%emt 0:00:01]} 30. Ne4 {[%emt 0:00:01]} Bxh2 {[%emt 0:00:02]} 31. Qg3 {[%emt 0:00:04]} Bxg3+ {[%emt 0:00:01]} 32. Kg1 {[%emt 0:00:00]} Qh2# {[%emt 0:00:01] (Lag: Av=0.79s, max=1.3s)} 0-1

[Event "163 Stay Safe Play From Home"]
[Site "T#646248Emanuel Laske"]
[Date "2020.05.22"]
[Round "8"]
[White "Lazieri3"]
[Black "Don59as"]
[Result "1-0"]
[WhiteElo "2099"]
[BlackElo "1975"]
[Annotator "NA RC"]
[PlyCount "53"]
[EventDate "2020.05.22"]
[EventType "swiss (blitz)"]

1. e4 {[%emt 0:00:01]} e5 {[%emt 0:00:01]} 2. Nc3 {[%emt 0:00:00]} d6 {[%emt 0:00:02]} 3. Nf3 {[%emt 0:00:00]} Nc6 {[%emt 0:00:02]} 4. d4 {[%emt 0:00:00]} exd4 {[%emt 0:00:02]} 5. Nxd4 {[%emt 0:00:00]} Nf6 {[%emt 0:00:01]} 6. Nxc6 {[%emt 0:00:01]} bxc6 {[%emt 0:00:01]} 7. Bc4 {[%emt 0:00:00]} Be7 {[%emt 0:00:00]} 8. Bg5 {[%emt 0:00:01]} O-O {[%emt 0:00:00]} 9. O-O {[%emt 0:00:01]} Be6 {[%emt 0:00:00]} 10. Bxe6 {[%emt 0:00:01]} fxe6 {[%emt 0:00:01]} 11. e5 {[%emt 0:00:01]} Nd5 {[%emt 0:00:01]} 12. Bxe7 {[%emt 0:00:01]} Qxe7 {[%emt 0:00:01]} 13. Nxd5 {[%emt 0:00:02]} cxd5 {[%emt 0:00:01]} 14. exd6 {[%emt 0:00:01]} Qxd6 {[%emt 0:00:01]} 15. c3 {[%emt 0:00:01]} Rae8 {[%emt 0:00:02]} 16. Qd4 {[%emt 0:00:03]} c5 {[%emt 0:00:02]} 17. Qa4 {[%emt 0:00:01]} Re7 {[%emt 0:00:02]} 18. Rfe1 {[%emt 0:00:01]} Ref7 {[%emt 0:00:01]} 19. f3 {[%emt 0:00:01]} Qf4 {[%emt 0:00:03]} 20. Qxf4 {[%emt 0:00:02]} Rxf4 {[%emt 0:00:01]} 21. Rxe6 {[%emt 0:00:00]} d4 {[%emt 0:00:01]} 22. cxd4 {[%emt 0:00:01]} Rxd4 {[%emt 0:00:02]} 23. Re2 {[%emt 0:00:03]} Rfd8 {[%emt 0:00:03]} 24. Rc1 {[%emt 0:00:01]} h6 {[%emt 0:00:01]} 25. Rxc5 {[%emt 0:00:01]} Rd1+ {[%emt 0:00:01]} 26. Kf2 {[%emt 0:00:01]} R1d7 {[%emt 0:00:00] Don59as resigns} 27. b3 {[%emt 0:00:02] (Lag: Av=0.60s, max=0.9s)} 1-0